Memory Mind and Body/ (Record no. 204587)

MARC details
000 -LEADER
fixed length control field 00518nam a22001817a 4500
005 - DATE AND TIME OF LATEST TRANSACTION
control field 20240913161250.0
010 ## - LCCN (DPL NO)
LC control number ENG-141068
020 ## - INTERNATIONAL STANDARD BOOK NUMBER
Terms of availability 595.00
International Standard Book Number 8188090913
035 ## - SYSTEM CONTROL NUMBER
System control number EN-124600
037 ## - SOURCE OF ACQUISITION
Source of stock number/acquisition DBAD
082 ## - DEWEY DECIMAL CLASSIFICATION NUMBER
Classification number 615.85
100 ## - MAIN ENTRY--PERSONAL NAME
Personal name Rajnish Kumar
245 ## - TITLE STATEMENT
Title Memory Mind and Body/
Statement of responsibility, etc By Rajnish Kumar
260 ## - PUBLICATION, DISTRIBUTION, ETC. (IMPRINT)
Place of publication, distribution, etc Delhi
Name of publisher, distributor, etc Swastik Prakashan
Date of publication, distribution, etc 2017
270 ## - ADDRESS
City Delhi
Address Atma Ram Building 1376, Kashmere Gate
Postal code 110006
300 ## - PHYSICAL DESCRIPTION
Extent 272p.
Dimensions 23cm(pbk)
942 ## - ADDED ENTRY ELEMENTS (KOHA)
Source of classification or shelving scheme Dewey Decimal Classification
Item type English Books
Classification part 615.85
Call number suffix RAJ
Holdings
Withdrawn status Lost status Not for loan Collection code Home library Current library Date acquired Source of acquisition Cost, normal purchase price Full call number Barcode Copy number Cost, replacement price Koha item type
      Non-fiction Shahdara Branch Shahdara Branch 29/07/2024 DBAD 595.00 615.85 RAJ EN-124600 1 595.00 English Books

© Delhi Public Library
Hit Counter
free hit counter